[Event "Nova Gorica op-A 18th"]
[Site "Nova Gorica"]
[Date "2013.01.30"]
[Round "8"]
[White "Muradore, Aldo"]
[Black "Raimo, Isacco"]
[Result "1/2-1/2"]
[WhiteElo "1563"]
[BlackElo "1608"]
[PlyCount "71"]
[EventDate "2013.01.25"]
[EventType "swiss"]
[EventRounds "9"]
[EventCountry "SLO"]
[SourceTitle "CBM 152 Extra"]
[Source "ChessBase"]
[SourceDate "2013.02.25"]
[SourceVersion "1"]
[SourceVersionDate "2013.02.25"]
[SourceQuality "1"]

1. d4 Nf6 2. Nc3 g6 3. e4 d6 4. Nf3 Bg7 5. Bc4 0-0 6. 0-0 b6 7. Re1 Bb7 8. Bf4 Nbd7 9. Qd2 Re8 10. Bh6 Bh8 11. Rad1 e5 12. Bg5 Bg7 13. Bd5 c6 14. Bb3 Qc7 15. Qd3 a5 16. a3 Ba6 17. Qd2 c5 18. dxe5 Nxe5 19. Nxe5 dxe5 20. Bxf6 Bxf6 21. Qd7 Qxd7 22. Rxd7 c4 23. Ba4 Red8 24. Red1 Rab8 25. Rxd8+ Rxd8 26. Rxd8+ Bxd8 27. Bb5 Bxb5 28. Nxb5 Be7 29. Nc3 Kf8 30. Nd5 Bd8 31. a4 Ke8 32. Ne3 Kd7 33. Nxc4 Bc7 34. Kf1 Kc6 35. Ke2 Kc5 36. Kd3 1/2-1/2

[Event "Nova Gorica op-A 18th"]
[Site "Nova Gorica"]
[Date "2013.01.28"]
[Round "6"]
[White "Raimo, Isacco"]
[Black "Nardin, Flavij"]
[Result "0-1"]
[WhiteElo "1608"]
[BlackElo "1859"]
[PlyCount "61"]
[EventDate "2013.01.25"]
[EventType "swiss"]
[EventRounds "9"]
[EventCountry "SLO"]
[SourceTitle "CBM 152 Extra"]
[Source "ChessBase"]
[SourceDate "2013.02.25"]
[SourceVersion "1"]
[SourceVersionDate "2013.02.25"]
[SourceQuality "1"]

1. d4 d5 2. c4 e6 3. Nc3 Nf6 4. Nf3 Nc6 5. a3 Be7 6. Bf4 a6 7. cxd5 exd5 8. e3 0-0 9. Bd3 Bg4 10. 0-0 Nh5 11. Be5 f6 12. Bg3 Kh8 13. Rc1 f5 14. Qb3 f4 15. exf4 Bxf3 16. gxf3 Nxd4 17. Qxd5 Qxd5 18. Nxd5 Bd6 19. Nxc7 Bxf4 20. Nxa8 Rxa8 21. Rc5 g6 22. Be4 Rb8 23. Bxf4 Nxf4 24. Rc7 b5 25. Rd1 Nde6 26. Ra7 Nc5 27. Rd6 Rc8 28. Rf6 g5 29. Rff7 Nce6 30. Rxh7+ Kg8 31. Bf5 0-1

[Event "Nova Gorica op-A 18th"]
[Site "Nova Gorica"]
[Date "2013.01.27"]
[Round "5"]
[White "Pridigar, Lovro"]
[Black "Raimo, Isacco"]
[Result "1-0"]
[WhiteElo "1555"]
[BlackElo "1608"]
[PlyCount "81"]
[EventDate "2013.01.25"]
[EventType "swiss"]
[EventRounds "9"]
[EventCountry "SLO"]
[SourceTitle "CBM 152 Extra"]
[Source "ChessBase"]
[SourceDate "2013.02.25"]
[SourceVersion "1"]
[SourceVersionDate "2013.02.25"]
[SourceQuality "1"]

1. Nf3 Nf6 2. d4 g6 3. g3 Bg7 4. Bg2 d6 5. 0-0 0-0 6. c4 Re8 7. Nc3 Bf5 8. Nh4 Bd7 9. Bxb7 Nc6 10. Bxa8 Qxa8 11. Ng2 Bh3 12. f3 Nd7 13. Nb5 Qb7 14. Qa4 Nxd4 15. Nxd4 Bxd4+ 16. e3 Bxb2 17. Rb1 Qa8 18. Bxb2 Rb8 19. Qc2 Nc5 20. Ba1 Rxb1 21. Rxb1 e5 22. e4 f5 23. Qb2 Nd7 24. Qb7 Qxb7 25. Rxb7 fxe4 26. fxe4 Nc5 27. Rxc7 Nxe4 28. Rxa7 Be6 29. Ra8+ Kg7 30. Ne3 h6 31. a4 Nd2 32. a5 Nxc4 33. Nxc4 Bxc4 34. a6 Kf7 35. a7 Bd5 36. Rb8 Ke7 37. a8Q Bxa8 38. Rxa8 Ke6 39. Ra6 h5 40. Bc3 Kd5 41. Bb4 1-0

[Event "Nova Gorica op-A 17th"]
[Site "Nova Gorica"]
[Date "2012.01.31"]
[Round "7"]
[White "Raimo, Isacco"]
[Black "Okanovic, Vehidin"]
[Result "0-1"]
[WhiteElo "1703"]
[BlackElo "1536"]
[PlyCount "88"]
[EventDate "2012.01.27"]
[EventType "swiss"]
[EventRounds "9"]
[EventCountry "SLO"]
[SourceTitle "CBM 146 Extra"]
[Source "ChessBase"]
[SourceDate "2012.02.29"]
[SourceVersion "1"]
[SourceVersionDate "2012.02.29"]
[SourceQuality "1"]

1. d4 d5 2. c4 e6 3. Nf3 Nf6 4. Nc3 h6 5. c5 Be7 6. Bf4 a6 7. e3 Nh5 8. Be5 f6 9. Bf4 Nxf4 10. exf4 Nc6 11. a3 f5 12. Bd3 0-0 13. 0-0 Bf6 14. Bc2 b6 15. b4 bxc5 16. bxc5 Na5 17. Ne5 Bxe5 18. fxe5 Qh4 19. g3 Qg4 20. f3 Qg5 21. f4 Qd8 22. Qd3 Nc6 23. Rfe1 a5 24. Re2 Ba6 25. Qd2 Bxe2 26. Qxe2 Nxd4 27. Qd3 Nxc2 28. Qxc2 c6 29. Rd1 Qe7 30. Ne2 Rfb8 31. a4 Rb4 32. Nd4 Qe8 33. Kf2 Rc4 34. Qa2 Qh5 35. Rd2 Rxd4 36. Ke3 Rxd2 37. Qxd2 Qh3 38. Qb2 Qf1 39. Qb7 Qc1+ 40. Kf2 Qxc5+ 41. Kg2 Ra7 42. Qc8+ Kh7 43. Qxe6 Qc2+ 44. Kh3 Rb7 0-1

[Event "Nova Gorica op-A 17th"]
[Site "Nova Gorica"]
[Date "2012.01.29"]
[Round "4"]
[White "Raimo, Isacco"]
[Black "Drobnic, Milan"]
[Result "0-1"]
[WhiteElo "1703"]
[BlackElo "1679"]
[PlyCount "110"]
[EventDate "2012.01.27"]
[EventType "swiss"]
[EventRounds "9"]
[EventCountry "SLO"]
[SourceTitle "CBM 146 Extra"]
[Source "ChessBase"]
[SourceDate "2012.02.29"]
[SourceVersion "1"]
[SourceVersionDate "2012.02.29"]
[SourceQuality "1"]

1. d4 Nf6 2. c4 c5 3. d5 e6 4. Nc3 exd5 5. cxd5 d6 6. e4 Be7 7. Nf3 Bg4 8. Be2 0-0 9. 0-0 Nbd7 10. Bf4 Nh5 11. Qd2 Bxf3 12. Bxf3 Nxf4 13. Qxf4 Ne5 14. Be2 a6 15. a4 Bf6 16. Qe3 Re8 17. Rab1 Qc7 18. Rfc1 Ng6 19. Qd3 Nf4 20. Qc4 Nxe2+ 21. Nxe2 Qe7 22. f3 Qd7 23. a5 Qb5 24. b4 b6 25. Qxb5 axb5 26. axb6 c4 27. Nc3 Bxc3 28. Rxc3 Reb8 29. Kf2 Rxb6 30. Ke3 f6 31. g3 Kf7 32. f4 Rba6 33. Rf1 Ra3 34. Rfc1 Rxc3+ 35. Rxc3 Ra4 36. Kd4 Rxb4 37. e5 fxe5+ 38. fxe5 dxe5+ 39. Kxe5 Ke7 40. d6+ Kd7 41. Kd5 Rb3 42. Rc1 Rd3+ 43. Kc5 Rxd6 44. Kxb5 Rd2 45. Rxc4 Rxh2 46. Rd4+ Ke6 47. Re4+ Kf5 48. Rf4+ Kg5 49. Rf7 g6 50. Rf4 Rh3 51. Rf7 Kg4 52. Rc7 Kxg3 53. Rc3+ Kg4 54. Rxh3 Kxh3 55. Kc5 g5 0-1

[Event "Nova Gorica op-A 17th"]
[Site "Nova Gorica"]
[Date "2012.01.28"]
[Round "2"]
[White "Raimo, Isacco"]
[Black "Belardinelli, Franco"]
[Result "0-1"]
[WhiteElo "1703"]
[BlackElo "1915"]
[PlyCount "24"]
[EventDate "2012.01.27"]
[EventType "swiss"]
[EventRounds "9"]
[EventCountry "SLO"]
[SourceTitle "CBM 146 Extra"]
[Source "ChessBase"]
[SourceDate "2012.02.29"]
[SourceVersion "1"]
[SourceVersionDate "2012.02.29"]
[SourceQuality "1"]

1. d4 Nf6 2. c4 e6 3. a3 c5 4. e3 b6 5. Nc3 Bb7 6. d5 d6 7. Nf3 g6 8. e4 Bg7 9. Bf4 Nh5 10. Qa4+ Qd7 11. Bxd6 Bxc3+ 12. bxc3 Qxa4 0-1

[Event "Nova Gorica op-A 17th"]
[Site "Nova Gorica"]
[Date "2012.01.27"]
[Round "1"]
[White "Capaliku, Aleks"]
[Black "Raimo, Isacco"]
[Result "1-0"]
[WhiteElo "2099"]
[BlackElo "1703"]
[PlyCount "71"]
[EventDate "2012.01.27"]
[EventType "swiss"]
[EventRounds "9"]
[EventCountry "SLO"]
[SourceTitle "CBM 146 Extra"]
[Source "ChessBase"]
[SourceDate "2012.02.29"]
[SourceVersion "1"]
[SourceVersionDate "2012.02.29"]
[SourceQuality "1"]

1. f4 d5 2. Nf3 Nf6 3. e3 a6 4. d4 Bf5 5. Bd3 Bxd3 6. Qxd3 e6 7. 0-0 c5 8. b3 Bd6 9. f5 0-0 10. Bb2 Qc7 11. dxc5 Bxc5 12. fxe6 fxe6 13. Ng5 Nbd7 14. Nxe6 Ne5 15. Nxc7 Nxd3 16. Bd4 Rac8 17. Ne6 Rfe8 18. Nxg7 Bxd4 19. exd4 Re1 20. Na3 Rxa1 21. Rxa1 Kxg7 22. cxd3 Ng4 23. Re1 Kf6 24. h3 Nh6 25. g4 Nf7 26. h4 h6 27. Kf2 b5 28. Re2 Kg6 29. Re6+ Kg7 30. Rxa6 Rf8 31. Kg3 b4 32. Nc2 Re8 33. Nxb4 Re3+ 34. Kf4 Re2 35. Nxd5 Rh2 36. Kg3 1-0